| 000 | 01064nam0a22002891 4500 | ||
|---|---|---|---|
| 001 | RU\INFOCOMM_327\NLR\5000016778 | ||
| 005 | 20250613105119.0 | ||
| 035 | _a(NLR Aleph) 009518285 | ||
| 090 |
_a8810549 _c8810549 |
||
| 100 | _a20121217d1981 |||y0rusy50 ca | ||
| 101 | 0 | _afre | |
| 102 | _aRU | ||
| 105 | _ay z ||||| | ||
| 200 | 1 |
_aL'Union Soviétique propose ... _eLa situation intern. actuelle et les initiatives sov. _fVladlen Kouznétsov |
|
| 210 |
_aM. _cÉd. de l'Agence de presse "Novosti" _d1981 |
||
| 215 |
_a80 с. _d16 см |
||
| 300 | _aВ вып. дан.: Советский Союз предлагает ... / Владлен Иванович Кузнецов | ||
| 607 |
_aСССР _xВнешняя политика _z1959 _2nlr_sh1 |
||
| 620 | _aМосква | ||
| 686 |
_aТ3(2)73-601.1 _2rubbk |
||
| 700 | 1 |
_9z01790 _aKuznecov _bV. I. _f1931- _gVladlen Ivanovič |
|
| 790 | 1 |
_9z01700 _aKouznétsov _bV. _gVladlen _4070 |
|
| 801 | 1 |
_aRU _bInfocomm _c20121217 |
|
| 801 | 0 |
_aRU _bINFOCOMM _gPSBO |
|
| 852 |
_aNLR _jИр51 Д-2/468 |
||
| 942 | _cBOOK | ||
| 980 | _aNB | ||